000 00800cam a2200253 i 4500
001 a4816956
003 CO-ViMGA
005 20230915234403.0
008 100902s2010 sp | |||| 000 0 spa
020 _a9788484453222
040 _aCO-ViMGA
_bspa
_cCO-ViMGA
041 1 _heng
082 0 4 _a181.4
_bK74d
100 1 _aKrishnamurti, J.
_d1895-1986
_97594
240 1 0 _aChoiceless awareness
_lEspaǫl
245 1 0 _aDarse cuenta
_h[Texto impreso] :
_bla puerta de la inteligencia
_cseleccion de textos de las enseñanzas de J. Krishnamurti ; [traduccion, F. K. L.]
250 _a2a. ed.
260 _aMostoles, Madrid :
_bGaia,
_c2012.
300 _a179 p.
_c21 cm
490 0 _aJ. Krishnamurti
650 1 7 _aConocimiento
_2embne
_97596
650 1 7 _aYo (Filosofia)
_2embne
_97595
942 _2ddc
_cBK
999 _c37758
_d37758